[Event "DEM U10 2024"]
[Site "Willingen GER"]
[Date "2024.05.23"]
[Round "8"]
[White "Link, Jonas Michael"]
[Black "Rössling, Johannes"]
[Result "0-1"]
[Termination "normal"]
[Board "29"]
[WhiteElo "1187"]
[BlackElo "1579"]
[WhiteClock "01:07:03"]
[BlackClock "00:50:33"]
[PlyCount "64"]
[WhiteFideId "533001839"]
[BlackFideId "34642773"]
[EventCountry "GER"]
[EventRounds "11"]
[EventType "swiss"]
[EventDate "2024.05.18"]

1. e4 {[%clk 01:15:58]} e5 {[%clk 01:15:55]} {[%emt 00:00:06]} 2. Nf3 {[%clk
01:16:14]} {[%emt 00:00:14]} Nc6 {[%clk 01:16:16]} {[%emt 00:00:09]} 3. d4
{[%clk 01:16:34]} {[%emt 00:00:11]} exd4 4. Nxd4 {[%clk 01:16:54]} Bc5 {[%clk
01:17:05]} {[%emt 00:00:08]} 5. Nb3 {[%clk 01:17:13]} {[%emt 00:00:11]} Bb6
{[%clk 01:17:23]} {[%emt 00:00:10]} 6. Nc3 {[%clk 01:17:33]} {[%emt 00:00:11]}
a6 {[%clk 01:17:29]} {[%emt 00:00:24]} 7. Qe2 {[%clk 01:17:51]} {[%emt
00:00:11]} d6 {[%clk 01:16:05]} {[%emt 00:01:55]} 8. Be3 {[%clk 01:18:04]}
{[%emt 00:00:17]} Bxe3 {[%clk 01:15:47]} {[%emt 00:00:47]} 9. Qxe3 {[%clk
01:18:24]} {[%emt 00:00:10]} Be6 {[%clk 01:15:56]} {[%emt 00:00:22]} 10. O-O-O
{[%clk 01:17:59]} {[%emt 00:00:55]} Bxb3 {[%clk 01:15:42]} {[%emt 00:00:45]}
11. axb3 {[%clk 01:18:12]} {[%emt 00:00:16]} Nf6 {[%clk 01:15:49]} {[%emt
00:00:23]} 12. f4 {[%clk 01:17:46]} {[%emt 00:00:56]} O-O {[%clk 01:15:47]}
{[%emt 00:00:33]} 13. e5 {[%clk 01:18:10]} {[%emt 00:00:06]} Nd7 {[%clk
01:14:01]} {[%emt 00:02:15]} 14. exd6 {[%clk 01:17:45]} {[%emt 00:00:54]} b5
{[%clk 01:09:57]} {[%emt 00:04:35]} 15. dxc7 {[%clk 01:17:10]} {[%emt
00:01:05]} Qxc7 {[%clk 01:10:19]} {[%emt 00:00:08]} 16. Nd5 {[%clk 01:17:30]}
{[%emt 00:00:10]} Qa5 {[%clk 01:05:13]} {[%emt 00:05:35]} 17. Kb1 {[%clk
01:17:04]} {[%emt 00:00:57]} Rfe8 {[%clk 01:03:46]} {[%emt 00:01:58]} 18. Qh3
{[%clk 01:17:06]} {[%emt 00:00:27]} Re1 {[%clk 01:03:00]} {[%emt 00:01:16]} 19.
Nc3 {[%clk 01:16:53]} {[%emt 00:00:43]} Rxd1+ {[%clk 00:58:29]} {[%emt
00:05:01]} 20. Nxd1 {[%clk 01:16:57]} {[%emt 00:00:25]} Rd8 {[%clk 00:57:19]}
{[%emt 00:01:41]} 21. Bd3 {[%clk 01:16:24]} {[%emt 00:01:03]} Nf6 {[%clk
00:57:22]} {[%emt 00:00:27]} 22. g4 {[%clk 01:16:28]} {[%emt 00:00:26]} g6
{[%clk 00:54:27]} {[%emt 00:03:26]} 23. Qf3 {[%clk 01:16:31]} {[%emt 00:00:26]}
Nb4 {[%clk 00:53:17]} {[%emt 00:01:41]} 24. h4 {[%clk 01:14:25]} {[%emt
00:02:34]} Qa2+ {[%clk 00:52:32]} {[%emt 00:01:15]} 25. Kc1 {[%clk 01:14:24]}
{[%emt 00:00:31]} Nxd3+ {[%clk 00:52:58]} {[%emt 00:00:05]} 26. cxd3 {[%clk
01:14:21]} {[%emt 00:00:32]} Qxb3 {[%clk 00:53:18]} {[%emt 00:00:11]} 27. Nf2
{[%clk 01:12:18]} {[%emt 00:02:32]} Rc8+ {[%clk 00:53:40]} {[%emt 00:00:09]}
28. Kb1 {[%clk 01:12:09]} {[%emt 00:00:39]} Nd5 {[%clk 00:50:47]} {[%emt
00:03:22]} 29. Ne4 {[%clk 01:10:17]} {[%emt 00:02:22]} Nb4 {[%clk 00:50:28]}
{[%emt 00:00:50]} 30. Nc3 {[%clk 01:08:42]} {[%emt 00:02:05]} Rxc3 {[%clk
00:50:31]} {[%emt 00:00:26]} 31. Qa8+ {[%clk 01:07:50]} {[%emt 00:01:22]} Kg7
{[%clk 00:50:43]} {[%emt 00:00:18]} 32. h5 {[%clk 01:07:03]} {[%emt 00:01:18]}
Qa2# {[%clk 00:50:33]} {[%emt 00:00:10]} 0-1

[Event "DEM U10 2024"]
[Site "Willingen GER"]
[Date "2024.05.24"]
[Round "9"]
[White "Chakhalov, Mikael"]
[Black "Gusev, Daniil"]
[Result "0-1"]
[Termination "normal"]
[Board "1"]
[WhiteElo "1747"]
[BlackElo "1740"]
[WhiteClock "00:03:10"]
[BlackClock "00:15:14"]
[PlyCount "70"]
[WhiteFideId "34644458"]
[BlackFideId "55683886"]
[EventCountry "GER"]
[EventRounds "11"]
[EventType "swiss"]
[EventDate "2024.05.18"]

1. e4 {[%clk 01:15:25]} {[%emt 00:00:34]} c5 {[%clk 01:15:44]} {[%emt
00:00:17]} 2. Nc3 {[%clk 01:15:34]} {[%emt 00:00:21]} e6 {[%clk 01:15:39]}
{[%emt 00:00:35]} 3. g3 {[%clk 01:15:44]} {[%emt 00:00:20]} d5 {[%clk
01:15:35]} {[%emt 00:00:34]} 4. exd5 {[%clk 01:15:20]} {[%emt 00:00:54]} exd5
{[%clk 01:15:39]} {[%emt 00:00:25]} 5. d4 {[%clk 01:14:19]} {[%emt 00:01:31]}
cxd4 {[%clk 01:15:00]} {[%emt 00:01:09]} 6. Qxd4 {[%clk 01:14:26]} {[%emt
00:00:23]} Nf6 {[%clk 01:15:06]} {[%emt 00:00:25]} 7. Bg5 {[%clk 01:11:18]}
{[%emt 00:03:37]} Nc6 {[%clk 01:14:45]} {[%emt 00:00:51]} 8. Qf4 {[%clk
00:52:53]} {[%emt 00:18:54]} Be7 {[%clk 01:09:02]} {[%emt 00:06:14]} 9. O-O-O
{[%clk 00:46:05]} {[%emt 00:07:18]} O-O {[%clk 01:05:54]} {[%emt 00:03:38]} 10.
Nf3 {[%clk 00:38:42]} {[%emt 00:07:53]} Be6 {[%clk 01:05:48]} {[%emt 00:00:36]}
11. Bg2 {[%clk 00:35:23]} {[%emt 00:03:49]} h6 {[%clk 01:03:39]} {[%emt
00:02:38]} 12. h4 {[%clk 00:31:22]} {[%emt 00:04:32]} hxg5 {[%clk 01:02:34]}
{[%emt 00:01:35]} 13. hxg5 {[%clk 00:31:43]} {[%emt 00:00:09]} Nh7 {[%clk
01:02:16]} {[%emt 00:00:49]} 14. Rxh7 {[%clk 00:31:19]} {[%emt 00:00:53]} Kxh7
{[%clk 01:02:34]} {[%emt 00:00:12]} 15. Rh1+ {[%clk 00:31:39]} {[%emt
00:00:10]} Kg8 {[%clk 01:02:58]} {[%emt 00:00:06]} 16. Qh4 {[%clk 00:31:38]}
{[%emt 00:00:31]} f5 {[%clk 01:02:25]} {[%emt 00:01:04]} 17. Qh5 {[%clk
00:31:32]} {[%emt 00:00:36]} Re8 {[%clk 01:01:15]} {[%emt 00:01:39]} 18. Ne2
{[%clk 00:20:20]} {[%emt 00:11:42]} Bd6 {[%clk 00:56:58]} {[%emt 00:04:47]} 19.
Ned4 {[%clk 00:19:33]} {[%emt 00:01:17]} Nxd4 {[%clk 00:56:13]} {[%emt
00:01:15]} 20. Nxd4 {[%clk 00:19:53]} {[%emt 00:00:09]} Kf8 {[%clk 00:55:34]}
{[%emt 00:01:09]} 21. Nxe6+ {[%clk 00:19:01]} {[%emt 00:01:22]} Rxe6 {[%clk
00:54:15]} {[%emt 00:01:49]} 22. Qh8+ {[%clk 00:18:50]} {[%emt 00:00:41]} Kf7
{[%clk 00:54:27]} {[%emt 00:00:17]} 23. g6+ {[%clk 00:17:59]} {[%emt 00:01:21]}
Rxg6 {[%clk 00:52:19]} {[%emt 00:02:39]} 24. Bxd5+ {[%clk 00:17:59]} {[%emt
00:00:29]} Ke7 {[%clk 00:48:33]} {[%emt 00:04:18]} 25. Qh4+ {[%clk 00:17:40]}
{[%emt 00:00:48]} Kd7 {[%clk 00:39:13]} {[%emt 00:09:50]} 26. Qa4+ {[%clk
00:17:53]} {[%emt 00:00:15]} Kc7 {[%clk 00:38:44]} {[%emt 00:01:01]} 27. Qb5
{[%clk 00:16:29]} {[%emt 00:01:54]} Rb8 {[%clk 00:31:48]} {[%emt 00:07:26]} 28.
Re1 {[%clk 00:12:22]} {[%emt 00:04:34]} a6 {[%clk 00:24:37]} {[%emt 00:07:44]}
29. Qa5+ {[%clk 00:06:58]} {[%emt 00:05:54]} b6 {[%clk 00:24:34]} {[%emt
00:00:32]} 30. Qc3+ {[%clk 00:06:11]} {[%emt 00:01:16]} Bc5 {[%clk 00:24:46]}
{[%emt 00:00:19]} 31. Bf3 {[%clk 00:05:28]} {[%emt 00:01:12]} Qd4 {[%clk
00:15:22]} {[%emt 00:09:56]} 32. Qb3 {[%clk 00:05:21]} {[%emt 00:00:36]} Rd6
{[%clk 00:15:13]} {[%emt 00:00:39]} 33. Rd1 {[%clk 00:04:59]} {[%emt 00:00:50]}
Qf6 {[%clk 00:15:36]} {[%emt 00:00:07]} 34. Rxd6 {[%clk 00:02:56]} {[%emt
00:02:34]} Qxd6 {[%clk 00:14:51]} {[%emt 00:01:14]} 35. Qf7+ {[%clk 00:03:10]}
{[%emt 00:00:16]} Qe7 {[%clk 00:15:14]} {[%emt 00:00:08]} 0-1

[Event "DEM U10 2024"]
[Site "Willingen GER"]
[Date "2024.05.24"]
[Round "9"]
[White "Steinbrenner, Peter"]
[Black "Braren, Ove Neelis"]
[Result "1-0"]
[Termination "normal"]
[Board "2"]
[WhiteElo "1941"]
[BlackElo "1672"]
[WhiteClock "00:01:16"]
[BlackClock "00:00:35"]
[PlyCount "69"]
[WhiteFideId "34645535"]
[BlackFideId "34663770"]
[EventCountry "GER"]
[EventRounds "11"]
[EventType "swiss"]
[EventDate "2024.05.18"]

1. d4 {[%clk 01:15:57]} {[%emt 00:00:02]} d5 {[%clk 01:15:56]} {[%emt
00:00:05]} 2. Nc3 {[%clk 01:16:20]} {[%emt 00:00:06]} Nf6 {[%clk 01:16:17]}
{[%emt 00:00:09]} 3. Bf4 {[%clk 01:16:44]} {[%emt 00:00:05]} e6 {[%clk
01:16:35]} {[%emt 00:00:13]} 4. Nb5 {[%clk 01:17:03]} {[%emt 00:00:11]} Na6
{[%clk 01:16:42]} {[%emt 00:00:23]} 5. e3 {[%clk 01:16:43]} {[%emt 00:00:50]}
Bd7 {[%clk 01:15:40]} {[%emt 00:01:32]} 6. Nf3 {[%clk 01:10:31]} {[%emt
00:06:42]} c5 {[%clk 01:13:45]} {[%emt 00:02:25]} 7. dxc5 {[%clk 01:03:26]}
{[%emt 00:07:35]} Bxc5 {[%clk 01:11:15]} {[%emt 00:02:58]} 8. c3 {[%clk
01:00:43]} {[%emt 00:03:15]} O-O {[%clk 01:08:04]} {[%emt 00:03:39]} 9. Bd3
{[%clk 00:58:17]} {[%emt 00:02:56]} Bxb5 {[%clk 00:57:39]} {[%emt 00:10:55]}
10. Bxb5 {[%clk 00:58:07]} {[%emt 00:00:41]} Nc7 {[%clk 00:57:43]} {[%emt
00:00:26]} 11. Bd3 {[%clk 00:57:30]} {[%emt 00:01:06]} Rc8 {[%clk 00:57:09]}
{[%emt 00:01:05]} 12. O-O {[%clk 00:57:18]} {[%emt 00:00:43]} Qe7 {[%clk
00:56:05]} {[%emt 00:01:32]} 13. Qc2 {[%clk 00:55:56]} {[%emt 00:01:53]} Rfd8
{[%clk 00:51:32]} {[%emt 00:05:02]} 14. Be5 {[%clk 00:55:30]} {[%emt 00:00:56]}
h6 {[%clk 00:50:15]} {[%emt 00:01:45]} 15. Qb3 {[%clk 00:47:46]} {[%emt
00:08:15]} Bb6 {[%clk 00:46:03]} {[%emt 00:04:42]} 16. a4 {[%clk 00:44:56]}
{[%emt 00:03:20]} Nd7 {[%clk 00:40:41]} {[%emt 00:05:52]} 17. a5 {[%clk
00:41:15]} {[%emt 00:04:12]} Bc5 {[%clk 00:34:48]} {[%emt 00:06:23]} 18. Bg3
{[%clk 00:28:09]} {[%emt 00:13:36]} b6 {[%clk 00:28:41]} {[%emt 00:06:38]} 19.
Nd4 {[%clk 00:27:07]} {[%emt 00:01:32]} Nb8 {[%clk 00:20:34]} {[%emt 00:08:37]}
20. Qa4 {[%clk 00:21:24]} {[%emt 00:06:13]} e5 {[%clk 00:17:19]} {[%emt
00:03:45]} 21. Nf5 {[%clk 00:21:26]} {[%emt 00:00:28]} Qe6 {[%clk 00:16:47]}
{[%emt 00:01:02]} 22. Qg4 {[%clk 00:20:58]} {[%emt 00:00:57]} Ne8 {[%clk
00:14:33]} {[%emt 00:02:43]} 23. axb6 {[%clk 00:16:01]} {[%emt 00:05:28]} axb6
{[%clk 00:13:48]} {[%emt 00:01:15]} 24. e4 {[%clk 00:13:58]} {[%emt 00:02:33]}
dxe4 {[%clk 00:12:52]} {[%emt 00:01:26]} 25. Bxe4 {[%clk 00:11:59]} {[%emt
00:02:30]} Kh8 {[%clk 00:12:33]} {[%emt 00:00:49]} 26. Qf3 {[%clk 00:03:51]}
{[%emt 00:08:37]} b5 {[%clk 00:08:02]} {[%emt 00:05:01]} 27. Rfe1 {[%clk
00:03:10]} {[%emt 00:01:11]} Rd2 {[%clk 00:04:57]} {[%emt 00:03:35]} 28. Bb7
{[%clk 00:01:30]} {[%emt 00:02:09]} Rcd8 {[%clk 00:03:55]} {[%emt 00:01:33]}
29. Rxe5 {[%clk 00:01:19]} {[%emt 00:00:41]} Qf6 {[%clk 00:03:02]} {[%emt
00:01:23]} 30. Rxc5 {[%clk 00:01:14]} {[%emt 00:00:36]} Rxb2 {[%clk 00:02:38]}
{[%emt 00:00:53]} 31. Be5 {[%clk 00:01:01]} {[%emt 00:00:43]} Qg6 {[%clk
00:01:56]} {[%emt 00:01:12]} 32. Be4 {[%clk 00:01:13]} {[%emt 00:00:18]} Qb6
{[%clk 00:01:14]} {[%emt 00:01:12]} 33. Bd4 {[%clk 00:01:29]} {[%emt 00:00:14]}
Qe6 {[%clk 00:00:35]} {[%emt 00:01:08]} 34. h3 {[%clk 00:01:31]} {[%emt
00:00:27]} Qb3 {[%clk 00:00:35]} {[%emt 00:00:30]} 35. Qg4 {[%clk 00:01:16]}
{[%emt 00:00:46]} 1-0

[Event "DEM U10 2024"]
[Site "Willingen GER"]
[Date "2024.05.24"]
[Round "9"]
[White "Meitzner, Jonathan Franz"]
[Black "Aguike, Toshiya"]
[Result "0-1"]
[Termination "normal"]
[Board "3"]
[WhiteElo "1730"]
[BlackElo "1786"]
[WhiteClock "00:00:55"]
[BlackClock "00:31:55"]
[PlyCount "76"]
[WhiteFideId "34616110"]
[BlackFideId "34611347"]
[EventCountry "GER"]
[EventRounds "11"]
[EventType "swiss"]
[EventDate "2024.05.18"]

1. c4 {[%clk 01:15:47]} {[%emt 00:00:13]} Nf6 {[%clk 01:14:56]} {[%emt
00:01:05]} 2. Nc3 {[%clk 01:14:38]} {[%emt 00:01:39]} c5 {[%clk 01:13:37]}
{[%emt 00:01:48]} 3. g3 {[%clk 01:09:14]} {[%emt 00:05:55]} g6 {[%clk
01:13:47]} {[%emt 00:00:20]} 4. Bg2 {[%clk 01:09:27]} {[%emt 00:00:17]} Bg7
{[%clk 01:13:56]} {[%emt 00:00:22]} 5. e4 {[%clk 01:09:32]} {[%emt 00:00:25]}
d6 {[%clk 01:12:49]} {[%emt 00:01:36]} 6. Nge2 {[%clk 01:09:29]} {[%emt
00:00:33]} Nc6 {[%clk 01:12:52]} {[%emt 00:00:28]} 7. O-O {[%clk 01:09:14]}
{[%emt 00:00:45]} O-O {[%clk 01:11:41]} {[%emt 00:01:40]} 8. d3 {[%clk
01:08:36]} {[%emt 00:01:08]} a6 {[%clk 01:07:49]} {[%emt 00:04:23]} 9. h3
{[%clk 01:08:00]} {[%emt 00:01:06]} Rb8 {[%clk 01:06:39]} {[%emt 00:01:40]} 10.
Be3 {[%clk 01:00:48]} {[%emt 00:07:42]} e5 {[%clk 01:05:52]} {[%emt 00:01:17]}
11. f4 {[%clk 00:57:13]} {[%emt 00:04:04]} b5 {[%clk 01:00:56]} {[%emt
00:05:26]} 12. Qd2 {[%clk 00:54:42]} {[%emt 00:03:01]} bxc4 {[%clk 00:57:06]}
{[%emt 00:04:21]} 13. dxc4 {[%clk 00:55:00]} {[%emt 00:00:12]} Nd4 {[%clk
00:57:00]} {[%emt 00:00:36]} 14. b3 {[%clk 00:50:34]} Bb7 {[%clk 00:56:37]}
{[%emt 00:05:48]} 15. Rab1 {[%clk 00:48:13]} {[%emt 00:02:52]} Re8 {[%clk
00:53:13]} {[%emt 00:03:54]} 16. Rbe1 {[%clk 00:25:12]} {[%emt 00:23:30]} exf4
{[%clk 00:40:01]} {[%emt 00:13:42]} 17. Bxf4 {[%clk 00:09:18]} {[%emt
00:16:24]} Nxe4 {[%clk 00:38:20]} {[%emt 00:02:11]} 18. Nxe4 {[%clk 00:09:00]}
{[%emt 00:00:48]} Bxe4 {[%clk 00:38:35]} {[%emt 00:00:15]} 19. Nxd4 {[%clk
00:04:10]} {[%emt 00:05:20]} Bxd4+ {[%clk 00:38:18]} {[%emt 00:00:46]} 20. Kh2
{[%clk 00:04:01]} {[%emt 00:00:41]} Bxg2 {[%clk 00:37:13]} {[%emt 00:01:35]}
21. Kxg2 {[%clk 00:04:08]} {[%emt 00:00:23]} Qd7 {[%clk 00:37:09]} {[%emt
00:00:33]} 22. Be3 {[%clk 00:04:15]} {[%emt 00:00:24]} Qc6+ {[%clk 00:37:04]}
{[%emt 00:00:30]} 23. Kh2 {[%clk 00:04:24]} {[%emt 00:00:25]} Bxe3 {[%clk
00:36:39]} {[%emt 00:00:55]} 24. Rxe3 {[%clk 00:04:50]} {[%emt 00:00:05]} Rxe3
{[%clk 00:36:42]} {[%emt 00:00:27]} 25. Qxe3 {[%clk 00:05:15]} {[%emt
00:00:04]} Re8 {[%clk 00:36:56]} {[%emt 00:00:14]} 26. Qf2 {[%clk 00:04:56]}
{[%emt 00:00:51]} Qb7 {[%clk 00:36:32]} {[%emt 00:00:54]} 27. Rd1 {[%clk
00:05:02]} {[%emt 00:00:24]} Qe7 {[%clk 00:36:55]} {[%emt 00:00:07]} 28. Kg1
{[%clk 00:04:43]} {[%emt 00:00:50]} Kg7 {[%clk 00:36:39]} {[%emt 00:00:43]} 29.
Qb2+ {[%clk 00:05:02]} {[%emt 00:00:13]} f6 {[%clk 00:35:12]} {[%emt 00:01:57]}
30. Qf2 {[%clk 00:05:23]} {[%emt 00:00:10]} Kf7 {[%clk 00:35:05]} {[%emt
00:00:35]} 31. h4 {[%clk 00:04:27]} {[%emt 00:01:28]} Qe5 {[%clk 00:35:01]}
{[%emt 00:00:32]} 32. Kf1 {[%clk 00:03:42]} {[%emt 00:01:17]} Qe4 {[%clk
00:33:47]} {[%emt 00:01:42]} 33. Kg1 {[%clk 00:03:31]} {[%emt 00:00:42]} Re6
{[%clk 00:33:53]} {[%emt 00:00:22]} 34. Qd2 {[%clk 00:01:11]} {[%emt 00:02:53]}
Ke7 {[%clk 00:33:15]} {[%emt 00:01:05]} 35. Qf2 {[%clk 00:00:52]} {[%emt
00:00:52]} h6 {[%clk 00:32:14]} {[%emt 00:01:29]} 36. Qd2 {[%clk 00:00:47]}
{[%emt 00:00:37]} g5 {[%clk 00:31:32]} {[%emt 00:01:10]} 37. Qf2 {[%clk
00:00:35]} {[%emt 00:00:43]} gxh4 {[%clk 00:31:33]} {[%emt 00:00:30]} 38. gxh4
{[%clk 00:00:55]} {[%emt 00:00:10]} Qg4+ {[%clk 00:31:55]} {[%emt 00:00:07]}
0-1

[Event "DEM U10 2024"]
[Site "Willingen GER"]
[Date "2024.05.24"]
[Round "9"]
[White "Müller, Konstantin"]
[Black "Zargaran, Sepas"]
[Result "1/2-1/2"]
[Termination "normal"]
[Board "4"]
[WhiteElo "1851"]
[BlackElo "1810"]
[WhiteClock "00:09:55"]
[BlackClock "00:08:51"]
[PlyCount "83"]
[WhiteFideId "34661778"]
[BlackFideId "34625275"]
[EventCountry "GER"]
[EventRounds "11"]
[EventType "swiss"]
[EventDate "2024.05.18"]

1. e4 {[%clk 01:15:57]} {[%emt 00:00:02]} c5 {[%clk 01:15:46]} {[%emt
00:00:14]} 2. c3 {[%clk 01:16:24]} {[%emt 00:00:04]} d5 {[%clk 01:16:06]}
{[%emt 00:00:09]} 3. exd5 {[%clk 01:16:50]} {[%emt 00:00:05]} Qxd5 {[%clk
01:16:30]} {[%emt 00:00:05]} 4. d4 {[%clk 01:17:07]} {[%emt 00:00:13]} Nc6
{[%clk 01:16:53]} {[%emt 00:00:07]} 5. Nf3 {[%clk 01:17:31]} {[%emt 00:00:06]}
Bg4 {[%clk 01:17:15]} {[%emt 00:00:08]} 6. Be2 {[%clk 01:17:57]} {[%emt
00:00:05]} cxd4 {[%clk 01:17:34]} {[%emt 00:00:11]} 7. cxd4 {[%clk 01:18:16]}
{[%emt 00:00:11]} e6 {[%clk 01:17:41]} {[%emt 00:00:23]} 8. h3 {[%clk
01:18:25]} {[%emt 00:00:21]} Bh5 {[%clk 01:17:16]} {[%emt 00:00:54]} 9. Nc3
{[%clk 01:18:41]} {[%emt 00:00:14]} Qa5 {[%clk 01:17:32]} {[%emt 00:00:14]} 10.
O-O {[%clk 01:18:09]} {[%emt 00:01:03]} Nf6 {[%clk 01:14:51]} {[%emt 00:03:08]}
11. Be3 {[%clk 01:16:57]} {[%emt 00:01:44]} Rd8 {[%clk 01:13:31]} {[%emt
00:01:50]} 12. Qb3 {[%clk 01:12:13]} {[%emt 00:05:15]} Qb4 {[%clk 01:13:28]}
{[%emt 00:00:30]} 13. Qxb4 {[%clk 01:09:43]} {[%emt 00:03:02]} Bxb4 {[%clk
01:13:07]} {[%emt 00:00:51]} 14. Rfd1 {[%clk 01:07:42]} {[%emt 00:02:32]} O-O
{[%clk 01:13:11]} {[%emt 00:00:26]} 15. a3 {[%clk 01:05:50]} {[%emt 00:02:22]}
Ba5 {[%clk 01:10:07]} {[%emt 00:03:15]} 16. g4 {[%clk 01:01:24]} {[%emt
00:05:15]} Bg6 {[%clk 01:09:51]} {[%emt 00:00:45]} 17. b4 {[%clk 00:55:06]}
{[%emt 00:06:50]} Bc7 {[%clk 01:08:03]} {[%emt 00:02:17]} 18. Rd2 {[%clk
00:48:54]} {[%emt 00:06:41]} h6 {[%clk 01:03:13]} {[%emt 00:05:19]} 19. Rad1
{[%clk 00:42:08]} {[%emt 00:07:18]} Ne4 {[%clk 00:59:28]} {[%emt 00:04:14]} 20.
Nxe4 {[%clk 00:42:19]} {[%emt 00:00:20]} Bxe4 {[%clk 00:59:44]} {[%emt
00:00:14]} 21. Ne1 {[%clk 00:38:44]} {[%emt 00:04:05]} Ne7 {[%clk 00:52:50]}
{[%emt 00:07:20]} 22. Bf3 {[%clk 00:29:40]} {[%emt 00:09:38]} Bxf3 {[%clk
00:52:54]} {[%emt 00:00:25]} 23. Nxf3 {[%clk 00:30:02]} {[%emt 00:00:08]} f6
{[%clk 00:35:08]} {[%emt 00:18:15]} 24. Rc2 {[%clk 00:24:33]} {[%emt 00:06:01]}
Rd7 {[%clk 00:32:13]} {[%emt 00:03:24]} 25. Kf1 {[%clk 00:22:14]} {[%emt
00:02:51]} Rfd8 {[%clk 00:31:33]} {[%emt 00:01:07]} 26. Ke2 {[%clk 00:21:25]}
{[%emt 00:01:21]} Bb6 {[%clk 00:27:53]} {[%emt 00:04:09]} 27. b5 {[%clk
00:19:34]} {[%emt 00:02:21]} e5 {[%clk 00:24:15]} {[%emt 00:04:08]} 28. Rcd2
{[%clk 00:17:38]} {[%emt 00:02:26]} Nd5 {[%clk 00:22:56]} {[%emt 00:01:49]} 29.
Kf1 {[%clk 00:14:47]} {[%emt 00:03:22]} Nc3 {[%clk 00:19:12]} {[%emt 00:04:11]}
30. Rc1 {[%clk 00:14:47]} {[%emt 00:00:33]} exd4 {[%clk 00:15:38]} {[%emt
00:04:03]} 31. Bxd4 {[%clk 00:13:35]} {[%emt 00:01:42]} Bxd4 {[%clk 00:10:09]}
{[%emt 00:05:59]} 32. Rxd4 {[%clk 00:13:05]} {[%emt 00:01:00]} Nxb5 {[%clk
00:10:15]} {[%emt 00:00:25]} 33. Rxd7 {[%clk 00:12:50]} {[%emt 00:00:44]} Rxd7
{[%clk 00:10:37]} {[%emt 00:00:09]} 34. a4 {[%clk 00:12:38]} {[%emt 00:00:42]}
Nc7 {[%clk 00:10:00]} {[%emt 00:01:07]} 35. Nd4 {[%clk 00:11:49]} {[%emt
00:01:19]} Rxd4 {[%clk 00:10:09]} {[%emt 00:00:20]} 36. Rxc7 {[%clk 00:12:14]}
{[%emt 00:00:05]} Rxa4 {[%clk 00:09:38]} {[%emt 00:01:02]} 37. Rxb7 {[%clk
00:12:39]} {[%emt 00:00:05]} Ra1+ {[%clk 00:09:34]} {[%emt 00:00:33]} 38. Ke2
{[%clk 00:12:40]} {[%emt 00:00:30]} a5 {[%clk 00:09:05]} {[%emt 00:00:59]} 39.
Ra7 {[%clk 00:13:03]} {[%emt 00:00:06]} a4 {[%clk 00:09:23]} {[%emt 00:00:13]}
40. Kf3 {[%clk 00:13:04]} {[%emt 00:00:28]} a3 {[%clk 00:09:40]} {[%emt
00:00:14]} 41. Kg2 {[%clk 00:13:09]} {[%emt 00:00:24]} Kh7 {[%clk 00:08:51]}
{[%emt 00:01:17]} 42. h4 {[%clk 00:09:55]} {[%emt 00:03:47]} 1/2-1/2

[Event "DEM U10 2024"]
[Site "Willingen GER"]
[Date "2024.05.24"]
[Round "9"]
[White "Cremann, Jannis"]
[Black "Naumann, Lennart"]
[Result "0-1"]
[Termination "normal"]
[Board "5"]
[WhiteElo "1633"]
[BlackElo "1707"]
[WhiteClock "00:47:01"]
[BlackClock "00:36:11"]
[PlyCount "40"]
[WhiteFideId "34660178"]
[BlackFideId "34644830"]
[EventCountry "GER"]
[EventRounds "11"]
[EventType "swiss"]
[EventDate "2024.05.18"]

1. e4 {[%clk 01:15:58]} c6 {[%clk 01:15:56]} {[%emt 00:00:04]} 2. d4 {[%clk
01:16:16]} {[%emt 00:00:12]} d5 {[%clk 01:16:24]} {[%emt 00:00:02]} 3. exd5
{[%clk 01:16:31]} {[%emt 00:00:15]} cxd5 {[%clk 01:16:49]} {[%emt 00:00:07]} 4.
c4 {[%clk 01:16:47]} {[%emt 00:00:13]} dxc4 {[%clk 01:16:27]} {[%emt 00:00:52]}
5. Bxc4 {[%clk 01:16:57]} {[%emt 00:00:19]} Nf6 {[%clk 01:16:46]} {[%emt
00:00:12]} 6. Nc3 {[%clk 01:17:10]} {[%emt 00:00:17]} e6 {[%clk 01:15:59]}
{[%emt 00:01:17]} 7. Nf3 {[%clk 01:16:35]} {[%emt 00:01:04]} Nc6 {[%clk
01:15:49]} {[%emt 00:00:40]} 8. d5 {[%clk 01:16:41]} {[%emt 00:00:24]} exd5
{[%clk 01:15:16]} {[%emt 00:01:04]} 9. Nxd5 {[%clk 01:16:25]} {[%emt 00:00:46]}
Nxd5 {[%clk 01:14:48]} {[%emt 00:00:57]} 10. Bxd5 {[%clk 01:16:24]} {[%emt
00:00:32]} Bb4+ {[%clk 01:14:56]} {[%emt 00:00:21]} 11. Kf1 {[%clk 01:15:34]}
{[%emt 00:01:19]} Bf5 {[%clk 01:13:29]} {[%emt 00:01:56]} 12. Qb3 {[%clk
01:10:59]} {[%emt 00:05:07]} Qe7 {[%clk 01:05:52]} {[%emt 00:08:07]} 13. Bg5
{[%clk 01:10:11]} {[%emt 00:01:19]} f6 {[%clk 01:04:24]} {[%emt 00:01:58]} 14.
Bd2 {[%clk 01:09:44]} {[%emt 00:00:56]} Bxd2 {[%clk 00:55:16]} {[%emt
00:09:38]} 15. Nxd2 {[%clk 01:07:21]} {[%emt 00:02:53]} Nb4 {[%clk 00:53:38]}
{[%emt 00:02:09]} 16. Ne4 {[%clk 01:02:48]} {[%emt 00:05:02]} Nxd5 {[%clk
00:51:06]} {[%emt 00:03:03]} 17. Qb5+ {[%clk 01:01:25]} {[%emt 00:01:53]} Kf8
{[%clk 00:43:15]} {[%emt 00:08:19]} 18. Ng3 {[%clk 00:57:55]} {[%emt 00:04:01]}
Qd7 {[%clk 00:39:01]} {[%emt 00:04:44]} 19. Qc5+ {[%clk 00:57:12]} {[%emt
00:01:13]} Kf7 {[%clk 00:37:36]} {[%emt 00:01:54]} 20. Qc4 {[%clk 00:47:01]}
{[%emt 00:10:43]} Rac8 {[%clk 00:36:11]} 0-1